000 00473nam a2200169 4500
001 112514
003 ES-MaACL
005 20250715063109.0
007 t|
008 061121s1900 it r ||||1| ita d
100 1 _aOrtes, Giammaria,
_d1713-1790
_eaut
_987519
245 1 0 _aDella economia nazionale /
_cGiammaria Ortes.
260 _a[s.l.] :
_b[s.n.],
_c[19__?]
852 _aES-MaACL
_cADM
_j208-D-7
942 _2udc
_cMONOGRAFIA
_n0
999 _c112514
_d112514